[Event "Asia-ch U10 Girls"]
[Site "Al Ain"]
[Date "2023.12.19"]
[Round "7"]
[White "Smirnova, Oksana Andr"]
[Black "Karimova, Mohinaxon"]
[Result "1-0"]
[WhiteElo "1298"]
[BlackElo "1285"]
[PlyCount "66"]
[EventDate "2023.12.14"]
[EventType "swiss"]
[EventRounds "9"]
[EventCountry "UAE"]
[SourceTitle "EXT 2025"]
[Source "ChessBase"]
[SourceDate "2024.10.14"]
[SourceVersion "1"]
[SourceVersionDate "2024.10.14"]
[SourceQuality "1"]

1. d4 Nf6 2. c4 e6 3. Nc3 Bb4 4. f3 Bxc3+ 5. bxc3 0-0 6. e4 d6 7. Bd3 Nbd7 8. Ne2 c5 9. 0-0 b6 10. Bg5 Bb7 11. Qc2 Qc7 12. Ng3 Rac8 13. f4 cxd4 14. cxd4 e5 15. Nf5 Rfe8 16. fxe5 dxe5 17. d5 Rcd8 18. Rf3 h6 19. Nxh6+ gxh6 20. Bxf6 Nxf6 21. Rxf6 Rd6 22. Raf1 Rxf6 23. Rxf6 Kg7 24. Qf2 Qe7 25. Rf5 Bc8 26. d6 Qxd6 27. Rxf7+ Kg8 28. Rxa7 Bd7 29. Qg3+ Kh8 30. h3 Rg8 31. Qe3 Qg6 32. Bf1 Rd8 33. Qd3 Bc8 1-0